Formula one drivers line-up 1981 - Statistics

General Stats
  • This quiz has been taken 175 times
  • The average score is 29 of 44
Answer Stats
Constructor Rounds Driver Nationality % Correct
Williams All Carlos Reutemann Argentina
89%
Williams All Alan Jones Australia
88%
Brabham All Nelson Piquet Brazil
82%
Tyrrell All Eddie Cheever USA
78%
McLaren All John Watson UK
76%
Renault All Alain Prost France
74%
Ligier All Jacques Laffite France
74%
Lotus 1-3, 5-15 Nigel Mansell UK
74%
Renault All René Arnoux France
74%
Arrows All Riccardo Patrese Italy
74%
McLaren All Andrea de Cesaris Italy
73%
Lotus 1-3, 5-15 Elio de Angelis Italy
73%
Tyrrell 4-15 Michele Alboreto Italy
72%
Ferrari All Gilles Villeneuve Canada
70%
Brabham All Héctor Rebaque Mexico
70%
Alfa Romeo All Mario Andretti USA
70%
Arrows 14-15 Jacques Villeneuve Sr. Canada
69%
Fittipaldi 1-10, 12-15 Keke Rosberg Finland
69%
Ferrari All Didier Pironi France
68%
Ensign 7-15 Eliseo Salazar Chile
68%
March 1-6 Eliseo Salazar Chile
68%
Ligier 1-2 Jean-Pierre Jarier France
68%
Osella 9-15 Jean-Pierre Jarier France
68%
Ligier 8-15 Patrick Tambay France
68%
Theodore 1-7 Patrick Tambay France
68%
March 1-15 Derek Daly Ireland
65%
Ligier 2-7 Jean-Pierre Jabouille France
65%
Ensign 1-6 Marc Surer Switzerland
64%
Theodore 8-15 Marc Surer Switzerland
64%
Tyrrell 2-3 Ricardo Zunino Argentina
64%
Toleman 4-15 Derek Warwick UK
61%
ATS 1-4 Jan Lammers Netherlands
61%
ATS 4-15 Slim Borgudd Sweden
61%
Alfa Romeo All Bruno Giacomelli Italy
59%
Osella 5-6 Piercarlo Ghinzani Italy
59%
Fittipaldi 1-10, 12-15 Chico Serra Brazil
58%
Toleman 4-15 Brian Henton UK
57%
Williams (privateer) 7 Emilio de Villota Spain
57%
Arrows 1-13 Siegfried Stohr Italy
57%
Tyrrell 1 Kevin Cogan USA
55%
Osella 1-4 Miguel Ángel Guerra Argentina
51%
Ensign 2 Ricardo Londoño Colombia
50%
Osella All Beppe Gabbiani Italy
49%
Osella 7 Giorgio Francia Italy
47%
No matching quizzes found
Score Distribution
Percent of People with Each Score
Percentile by Number Answered
Your Score History
You have not taken this quiz